000 00308nam a22001097a 4500
008 230605b xxu||||| |||| 00| 0 eng d
082 _a328.16
_bCLE
245 _aSpeaker's Considered Rulings and Guidelines 2013 -2017
_cThe National Assembly
260 _bParliament of Kenya
300 _a248 p
942 _2ddc
_cBK
999 _c460
_d460